Kulturchronik

Detaylı Bibliyografya
Müşterek Yazar: Inter Nationes
Materyal Türü: Süreli
Dil:Spanish
Konular:

MARC

LEADER 00000cas a2200000 a 4500
001 47184a-5
003 Ucuenca
005 20230308224749.0
008 000000|2001 gw |||||r|||||||||||spa||
022 |a 0934-1684 
040 |b spa 
041 1 |a spa 
082 0 |a 050  |b I61k 
110 1 |9 174984  |a Inter Nationes 
245 0 |a Kulturchronik  |c Inter Nationes  |h imp 
264 |a Bonn  |b Inter Nationes  |c 2001 
300 |a 55 páginas:  |c 21 cm 
362 |a Año 19, no. 5 (2001) 
504 |a incl. ref. 
650 |a Sida  |9 18021 
650 |a Cine  |9 646 
650 |a Teatro  |9 442 
650 |a Revista kulturchronik  |9 174983 
650 0 |a Literatura  |9 131 
852 |a UC-CDJBV 
942 |c SER  |z vanessa.morales@ucuenca.edu.ec 
999 |c 150186  |d 150186